Capitales des communautés autonomes d'Espagne - Statistiques

Statistiques générales
  • Ce quiz a été pris 963 fois
  • Le résultat moyen est 9 sur 18
Réponses sur la Carte
Les réponses sont colorées sur une échelle allant du rouge au vert en fonction du pourcentage des utilisateurs qui les ont devinées à leur premier essai. Vous pouvez retrouver ces pourcentages ci-dessous.
 
Statistiques - réponses
Communauté/Ville autonome Capitale % Correct
Madrid Madrid
91%
Andalousie Seville
89%
Catalogne Barcelone
87%
Communauté Valencienne Valence
83%
Aragón Saragosse
66%
Murcie Murcie
62%
Navarre Pampelune
48%
Asturies Oviedo
46%
Islas Canaries Las Palmas de Gran Canaria
44%
Galice Saint-Jacques-de-Compostelle
43%
Cantabrie Santander
42%
Castille-La Manche Toledo
42%
Extrémadure Mérida
41%
Ceuta
33%
La Rioja Logroño
32%
Melilla
30%
Islas Canaries Santa Cruz de Tenerife
29%
Iles Baléares Palma de Mallorca
26%
Aucun quiz correspondant
Distribution des résultats
% des personnes avec chaque résultat
Percentile par nombre de réponses
Votre historique - résultats
Vous n’avez pas pris ce quiz